<?xml version="1.0" encoding="UTF-8"?>
<record
    xmlns:xsi="http://www.w3.org/2001/XMLSchema-instance"
    xsi:schemaLocation="http://www.loc.gov/MARC21/slim http://www.loc.gov/standards/marcxml/schema/MARC21slim.xsd"
    xmlns="http://www.loc.gov/MARC21/slim">

  <leader>02576nam a22003017u 4500</leader>
  <controlfield tag="001">pwiiw3290</controlfield>
  <controlfield tag="003">OSt</controlfield>
  <controlfield tag="005">20260516120107.0</controlfield>
  <controlfield tag="008">030630t2003    au ||||| |||| 00| ||eng d</controlfield>
  <datafield tag="040" ind1=" " ind2=" ">
    <subfield code="c">OSt</subfield>
  </datafield>
  <datafield tag="041" ind1=" " ind2=" ">
    <subfield code="a">eng</subfield>
  </datafield>
  <datafield tag="084" ind1=" " ind2=" ">
    <subfield code="a">P51</subfield>
    <subfield code="a">P52</subfield>
    <subfield code="a">O11</subfield>
    <subfield code="a">O11</subfield>
    <subfield code="a">O57</subfield>
    <subfield code="a">O4</subfield>
    <subfield code="2">jelc</subfield>
  </datafield>
  <datafield tag="100" ind1="1" ind2=" ">
    <subfield code="a">Gligorov, Vladimir</subfield>
  </datafield>
  <datafield tag="245" ind1="1" ind2="0">
    <subfield code="a">Prospects for Further (South) Eastern EU Enlargement: Form Divergence to Convergence?</subfield>
  </datafield>
  <datafield tag="260" ind1=" " ind2=" ">
    <subfield code="a">Wien :</subfield>
    <subfield code="b">Wiener Institut f&#xFC;r Internationale Wirtschaftsvergleiche (wiiw),</subfield>
    <subfield code="c">2003.</subfield>
  </datafield>
  <datafield tag="490" ind1="1" ind2=" ">
    <subfield code="a">wiiw Balkan Observatory Working Papers</subfield>
    <subfield code="v">30</subfield>
  </datafield>
  <datafield tag="520" ind1=" " ind2=" ">
    <subfield code="a">This paper looks at the experience of South East Europe which &#x2013; for the purposes of this paper &#x2013; includes the former states of Yugoslavia except for Slovenia (i.e. Croatia, Serbia-Montenegro, Bosnia-Herzegovina, and Macedonia), Albania, and the two EU candidate countries, Bulgaria and Romania. For all these economies, accession to the EU will be the overriding driving force of the policy-making agenda for the foreseeable future, albeit with widely different time horizons in the individual economies. In Part One we describe the South East European (SEE) &#x2018;region&#x2019; as one which has over the 1990s significantly &#x2018;fallen behind&#x2019; in the process of economic development relative to the group of Central and Eastern European (CEE) economies which will join the EU in 2004. While developments are somewhat heterogeneous, there is, in particular, an abysmal employment record which has not even started to turn around, as well as an extremely bad productivity and export performance. In Part Two, we discuss in greater detail the conditions required to move towards a sustained growth and catching-up process. We analyse the problematic states of transition in some of the SEE economies as well as the basic disequilibria (fiscal, external, labour markets) which need to be resolved for sustained development to take place. The prospects of making up for the lost decade and dealing with the unresolved disequilibria will be a crucial issue in evaluating the prospects of EU accession some time in the future. We discuss the stumbling blocks both from the SEE side and the EU side in developing a clear perspective of integration with the EU.</subfield>
  </datafield>
  <datafield tag="650" ind1=" " ind2=" ">
    <subfield code="a">South East Europe</subfield>
  </datafield>
  <datafield tag="650" ind1=" " ind2=" ">
    <subfield code="a">Balkan economies</subfield>
  </datafield>
  <datafield tag="650" ind1=" " ind2=" ">
    <subfield code="a">convergence</subfield>
  </datafield>
  <datafield tag="650" ind1=" " ind2=" ">
    <subfield code="a">EU enlargement</subfield>
  </datafield>
  <datafield tag="651" ind1=" " ind2=" ">
    <subfield code="a">SEE</subfield>
  </datafield>
  <datafield tag="700" ind1="1" ind2=" ">
    <subfield code="a">Holzner, Mario</subfield>
  </datafield>
  <datafield tag="700" ind1="1" ind2=" ">
    <subfield code="a">Landesmann, Michael</subfield>
  </datafield>
  <datafield tag="830" ind1=" " ind2="0">
    <subfield code="v">30</subfield>
    <subfield code="w">WIIW0000140</subfield>
    <subfield code="t">wiiw Balkan Observatory Working Papers</subfield>
  </datafield>
  <datafield tag="856" ind1="4" ind2="0">
    <subfield code="u">https://wiiw.ac.at/p-3290.html</subfield>
  </datafield>
  <datafield tag="942" ind1=" " ind2=" ">
    <subfield code="c">P</subfield>
    <subfield code="2">z</subfield>
  </datafield>
  <datafield tag="999" ind1=" " ind2=" ">
    <subfield code="c">8741</subfield>
    <subfield code="d">8741</subfield>
  </datafield>
  <datafield tag="952" ind1=" " ind2=" ">
    <subfield code="0">0</subfield>
    <subfield code="1">0</subfield>
    <subfield code="4">0</subfield>
    <subfield code="7">0</subfield>
    <subfield code="a">BIB</subfield>
    <subfield code="b">BIB</subfield>
    <subfield code="c">1</subfield>
    <subfield code="d">2003-06-30</subfield>
    <subfield code="i">pwiiw3290</subfield>
    <subfield code="l">0</subfield>
    <subfield code="o">30</subfield>
    <subfield code="p">1000010003290</subfield>
    <subfield code="r">2003-06-30 00:00:00</subfield>
    <subfield code="w">2019-02-05</subfield>
    <subfield code="y">P</subfield>
  </datafield>
</record>
